Statystyki dla 20 najpopularniejszych marek rowerów

Kliknij tutaj aby rozwiązać quiz!

Ogólne statystyki

  • Ten quiz został rozwiązany 269 razy
  • Średni wynik to 4 z 20

Statystyki odpowiedzi

HintOdpowiedź% Poprawnych
1.Kross
74%
16.Romet
59%
6.Trek
55%
4.Giant
53%
11.Merida
29%
2.Scott
28%
8.B'Twin
24%
13.Canyon
22%
5.Cannondale
15%
10.KTM
12%
3.Author
11%
7.Ghost
11%
17.Unibike
11%
14.Orbea
8%
15.GT
7%
20Bianchi
5%
12.Superior
2%
9.Felt
1%
19.Gary Fisher
1%
18.Schwinn
0%

Rozkład punktacji

Percentyl według liczby udzielonych odpowiedzi

Procent ludzi z każdym wynikiem

Twoja historia wyników

Nie rozwiązałeś tego quizu